| 000 | 01273nam a2200253 a 4500 | ||
|---|---|---|---|
| 001 | 1939591 | ||
| 003 | AM-YEHGA | ||
| 005 | 20250617164803.0 | ||
| 008 | 240126s2023 ai o||||||||||||||0|arm|d | ||
| 020 | _a9789939117409 | ||
| 040 | _aAM-YeHGA | ||
| 041 | 0 | _aarm | |
| 100 | 1 | _aՄարդոյան, Անդրանիկ | |
| 245 | 1 | 0 |
_aԱմերիկայի Հայ Ավետարանչական ընկերակցությունը Հայաստանում 1991-2021 թթ. / _cԱ. Մարդոյան ; Առաջաբանի հեղինակ՝ Զ. Խանճեան ; Ամերիկայի Հայ Ավետարանչական ընկերակցություն. |
| 260 |
_aԵրևան : _bԱմերիկայի Հայ Ավետարանչական ընկերակցություն, _c2023. |
||
| 300 |
_a505 էջ ։ _bլուսանկ․ ; _c24 սմ. |
||
| 500 | _aԳրքի կազմին՝ 30 տարի 1991-2021։ | ||
| 610 | 1 | 4 | _aԱմերիկայի Հայ Ավետարանչական ընկերակցություն |
| 650 | 1 | 4 | _aՀայկական բարեգործական ընկերություններ |
| 700 | 1 |
_aԽանճեան, Զաւէն _d1944-2024 _eառաջաբ․ _4aui |
|
| 710 | 2 | _aԱմերիկայի Հայ Ավետարանչական ընկերակցություն | |
| 942 |
_2udc _cBK |
||
| 090 | _c567934 | ||
| 999 |
_c529499 _d529499 |
||